Catálogo público

Desarrollo, nutrición y manejo del ternero joven / Carl L. Davis; coautor James K. Drackley; traducción Verónica Leibaschoff (Record no. 217051)

MARC details
000 -CABECERA
campo de control de longitud fija 00990nam a2200253Ia 4500
001 - NÚMERO DE CONTROL
campo de control Z_6056
008 - DATOS DE LONGITUD FIJA--INFORMACIÓN GENERAL
campo de control de longitud fija 220601s9999 xx 000 0 und d
020 ## - NÚMERO INTERNACIONAL ESTÁNDAR DEL LIBRO
Número Internacional Estándar del Libro 950-555-250-5 / 0-8138-2980-1
082 ## - NÚMERO DE LA CLASIFICACIÓN DECIMAL DEWEY
Número de clasificación 636.0842 D38
100 ## - ENTRADA PRINCIPAL--NOMBRE DE PERSONA
Nombre de persona Davis, Carl L.
9 (RLIN) 183127
245 ## - MENCIÓN DE TÍTULO
Título Desarrollo, nutrición y manejo del ternero joven / Carl L. Davis; coautor James K. Drackley; traducción Verónica Leibaschoff
260 ## - PUBLICACIÓN, DISTRIBUCIÓN, ETC.
Lugar de publicación, distribución, etc. Argentina : Editorial Intermédica
300 ## - DESCRIPCIÓN FÍSICA
Extensión xii, 314 p.
500 ## - NOTA GENERAL
Nota general Traducción de la obra en inglés: The development, nutrition and management of the young calf.
503 ## - NOTA DE HISTORIA BIBLIOGRÁFICA (BK CF MU) [OBSOLETO]
Nota de historia bibliográfica ej.1: C/E
504 ## - NOTA DE BIBLIOGRAFÍA, ETC.
Nota de bibliografía, etc. Incluye bibliografía
650 ## - PUNTO DE ACCESO ADICIONAL DE MATERIA--TÉRMINO DE MATERIA
Término de materia o nombre geográfico como elemento de entrada 1. Ganado bovino 2. Ternero 3. Anatomía general 4. Digestión 5. Alojamiento
9 (RLIN) 183128
700 ## - PUNTO DE ACCESO ADICIONAL--NOMBRE DE PERSONA
Nombre de persona I. Drackley, James K., coat. II. Leibaschoff, Verónica, tr.Ì
9 (RLIN) 183129
901 ## - ELEMENTOS DE DATOS A LOCAL LDA (RLIN)
a 636.0842 D38
902 ## - ELEMENTOS DE DATOS B LOCAL, LDB (RLIN)
a M
905 ## - ELEMENTOS DE DATOS E LOCAL, LDE (RLIN)
a 000000c2001 ag mn 0000000000spa00
942 ## - ELEMENTOS DE PUNTO DE ACCESO ADICIONAL (KOHA)
Tipo de ítem Koha Libro_
Holdings
Estado de retiro Estado de pérdida Fuente del sistema de clasificación o colocación Estado dañado No para préstamo Código de colección Localización permanente Ubicación/localización actual Ubicación en estantería Fecha de adquisición Total de préstamos Código de barras Fecha visto por última vez Fecha del último préstamo Número de copia Precio válido a partir de Tipo de ítem Koha
    Dewey Decimal Classification     General Zootecnia Zootecnia   26/10/2011 1 z_1690 19/10/2023 19/10/2023 1 02/06/2022 Libro